[Event "ODJM B 2018"]
[Site "Willingen GER"]
[Date "2018.05.20"]
[Round "2"]
[White "Tran, Minh Dat"]
[Black "Cozzuto, Alessandro"]
[Result "0-1"]
[Termination "normal"]
[Board "34"]
[WhiteElo "1400"]
[BlackElo "1531"]
[PlyCount "46"]
[WhiteFideId "16244702"]
[BlackFideId "12990744"]
[EventCountry "GER"]
[EventRounds "9"]
[EventType "swiss"]
[EventDate "2018.05.19"]

1. c4 e5 2. Nc3 Nc6 3. g3 f5 4. d3 Nf6 5. Bg2 Bb4 6. Bd2 d6 7. a3 Bxc3 8. Bxc3
O-O 9. e3 Qe7 10. Ne2 Nh5 11. O-O f4 12. exf4 exf4 13. Nd4 Nxd4 14. Bxd4 Qg5
15. Qc1 c6 16. Bf3 Bh3 17. Bg2 Bxg2 18. Kxg2 f3+ 19. Kh1 Qg4 20. Be3 Rf5 21.
Rg1 Nf6 22. Qf1 Rh5 23. Bf4 Rh3 0-1

[Event "ODJM B 2018"]
[Site "Willingen GER"]
[Date "2018.05.20"]
[Round "2"]
[White "Hövert, Kai"]
[Black "Werner, Tom"]
[Result "0-1"]
[Termination "normal"]
[Board "35"]
[WhiteElo "1471"]
[BlackElo "1615"]
[PlyCount "92"]
[WhiteFideId "16266056"]
[BlackFideId "16223756"]
[EventCountry "GER"]
[EventRounds "9"]
[EventType "swiss"]
[EventDate "2018.05.19"]

1. e4 e6 2. d4 d5 3. exd5 exd5 4. c4 Nf6 5. Nc3 Nc6 6. Nf3 Bg4 7. Be3 Bb4 8. h3
Be6 9. Nd2 O-O 10. a3 Be7 11. Be2 dxc4 12. Nxc4 Nd5 13. Bc1 Bf6 14. O-O Nxd4
15. Bd3 Nxc3 16. bxc3 Nb5 17. Qf3 Bd5 18. Qf5 g6 19. Qf4 Nxc3 20. Be3 Bg7 21.
Bd4 Bxc4 22. Bxc3 Bxc3 23. Bxc4 Bxa1 24. Rxa1 Qd7 25. h4 h5 26. Qe4 Qc6 27. Qf4
Rae8 28. f3 Re7 29. Rc1 Qb6+ 30. Kf1 Rfe8 31. Qg5 Kg7 32. Qd5 Qf6 33. Qxb7 Qxh4
34. Qb2+ Kh7 35. Qd2 Re5 36. Ba6 R8e6 37. Bc4 Rc6 38. Qc2 Rec5 39. Qxg6+ fxg6
40. Bg8+ Kxg8 41. Rxc5 Rxc5 42. a4 Re5 43. g3 Qh3+ 44. Kf2 Qh2+ 45. Kf1 Re2 46.
g4 Qf2# 0-1

[Event "ODJM B 2018"]
[Site "Willingen GER"]
[Date "2018.05.20"]
[Round "2"]
[White "Seinsoth, Paul"]
[Black "Svane, Freja"]
[Result "1/2-1/2"]
[Termination "normal"]
[Board "36"]
[WhiteElo "1482"]
[BlackElo "1622"]
[PlyCount "53"]
[WhiteFideId "12994634"]
[BlackFideId "12940100"]
[EventCountry "GER"]
[EventRounds "9"]
[EventType "swiss"]
[EventDate "2018.05.19"]

1. e4 c6 2. d4 d5 3. exd5 cxd5 4. Bd3 Nc6 5. c3 Nf6 6. h3 e6 7. Nf3 a6 8. O-O
Bd6 9. Qe2 O-O 10. Re1 Bd7 11. Ne5 b5 12. Bf4 Qc7 13. Nd2 Na5 14. b3 Qb6 15.
Ndf3 Rfc8 16. Qd2 Rc7 17. Rab1 Qa7 18. Nxd7 Rxd7 19. Ne5 Rc7 20. Rec1 Nc6 21.
Nxc6 Rxc6 22. Be3 Qc7 23. b4 Rc8 24. Rb3 e5 25. Bf5 Re8 26. dxe5 Bxe5 27. Rc2
1/2-1/2

[Event "ODJM B 2018"]
[Site "Willingen GER"]
[Date "2018.05.20"]
[Round "2"]
[White "Adelmeyer, Matti"]
[Black "Raasch, Hauke"]
[Result "1-0"]
[Termination "normal"]
[Board "37"]
[WhiteElo "1733"]
[BlackElo "1555"]
[PlyCount "105"]
[WhiteFideId "12962520"]
[BlackFideId "16210034"]
[EventCountry "GER"]
[EventRounds "9"]
[EventType "swiss"]
[EventDate "2018.05.19"]

1. e4 d5 2. exd5 Nf6 3. Bb5+ Bd7 4. Bxd7+ Qxd7 5. c4 c6 6. Nc3 cxd5 7. d3 dxc4
8. dxc4 e6 9. Bg5 Be7 10. Nf3 O-O 11. O-O Rd8 12. Ne5 Qc7 13. Qe2 Nc6 14. Nxc6
bxc6 15. Rfd1 Rxd1+ 16. Rxd1 Rd8 17. Rd3 Rxd3 18. Qxd3 h6 19. Be3 Ng4 20. g3
Nxe3 21. Qxe3 Qb7 22. b3 Bf6 23. Ne4 Be7 24. Qd4 Qc7 25. c5 Kf8 26. b4 Kg8 27.
a4 Kf8 28. Nd2 a5 29. Nb3 axb4 30. Qxb4 Bd8 31. a5 Qa7 32. Qa4 Qa6 33. f4 Qe2
34. Qd4 Bxa5 35. Nxa5 Qe1+ 36. Kg2 Qxa5 37. Qd6+ Kg8 38. Qxc6 Qd2+ 39. Kh3 Qe2
40. Qe8+ Kh7 41. Qxf7 Qf1+ 42. Kh4 Qf2 43. h3 Qxc5 44. Qxe6 g5+ 45. Kg4 h5+ 46.
Kf3 Qc3+ 47. Qe3 g4+ 48. hxg4 hxg4+ 49. Ke4 Qa5 50. Qd3 Kh8 51. Qd4+ Kh7 52.
Qd7+ Kh6 53. Qe6+ 1-0

[Event "ODJM B 2018"]
[Site "Willingen GER"]
[Date "2018.05.20"]
[Round "2"]
[White "Wieber, Dominik"]
[Black "Reuter, Max"]
[Result "1-0"]
[Termination "normal"]
[Board "38"]
[WhiteElo "1790"]
[BlackElo "1518"]
[PlyCount "35"]
[WhiteFideId "24699012"]
[BlackFideId "16263715"]
[EventCountry "GER"]
[EventRounds "9"]
[EventType "swiss"]
[EventDate "2018.05.19"]

1. e4 c5 2. Nf3 e6 3. c3 d5 4. exd5 Qxd5 5. d4 Nc6 6. Be3 Nf6 7. dxc5 Qxd1+ 8.
Kxd1 a5 9. Bb5 Bd7 10. Nbd2 Be7 11. Ke2 O-O 12. Rhd1 Na7 13. Bxd7 Nxd7 14. Nb3
Rfd8 15. Nxa5 Bxc5 16. Nxb7 Bxe3 17. Nxd8 Rxd8 18. fxe3 1-0

[Event "ODJM B 2018"]
[Site "Willingen GER"]
[Date "2018.05.20"]
[Round "2"]
[White "Hagenbeck-Hübert, Jan"]
[Black "Udaykumar, Arunn Mark"]
[Result "0-1"]
[Termination "normal"]
[Board "39"]
[WhiteElo "1493"]
[BlackElo "1765"]
[PlyCount "146"]
[WhiteFideId "16259505"]
[BlackFideId "12965456"]
[EventCountry "GER"]
[EventRounds "9"]
[EventType "swiss"]
[EventDate "2018.05.19"]

1. e4 e5 2. Nf3 Nc6 3. Nc3 Nf6 4. d4 exd4 5. Nxd4 Bb4 6. Nxc6 bxc6 7. Bd3 O-O
8. O-O h6 9. h3 d5 10. exd5 cxd5 11. Qf3 Be6 12. a3 Ba5 13. Bf4 c5 14. Be2 d4
15. Ne4 Nxe4 16. Qxe4 Bd5 17. Qd3 Qf6 18. Bg3 Rfe8 19. Qb5 Bb6 20. Rfe1 a6 21.
Qd3 Qg5 22. Kh2 Ba5 23. Rf1 Qe7 24. Bf3 Bxf3 25. Qxf3 Qe4 26. Qxe4 Rxe4 27.
Rac1 c4 28. f3 Re2 29. Be1 Bc7+ 30. Kh1 Rb8 31. Rf2 Rxe1+ 32. Rxe1 Bg3 33. Rfe2
Bxe1 34. Rxe1 Rxb2 35. Re4 d3 36. cxd3 cxd3 37. Rd4 d2 38. Rd8+ Kh7 39. Kh2 Ra2
40. Kg3 Kg6 41. Rd6+ f6 42. Rd5 Kf7 43. Kg4 Ke6 44. Rd3 f5+ 45. Kh5 Ke5 46. g4
Rxa3 47. Rxa3 d1=Q 48. Rxa6 Qd2 49. Rg6 Qd7 50. h4 f4 51. g5 hxg5 52. Rxg5+ Kd4
53. Rg4 Qf7+ 54. Rg6 Ke3 55. Kg5 Kxf3 56. h5 Qe7+ 57. Kf5 Qc5+ 58. Ke6 Qxh5 59.
Rxg7 Qh6+ 60. Kf7 Qxg7+ 61. Kxg7 Kg4 62. Kg6 f3 63. Kf6 f2 64. Ke5 f1=Q 65. Kd5
Qe2 66. Kd4 Kf5 67. Kd5 Qd3+ 68. Kc5 Ke6 69. Kc6 Qc4+ 70. Kb7 Kd6 71. Kb6 Qb4+
72. Ka6 Kc7 73. Ka7 Qa4# 0-1

[Event "ODJM B 2018"]
[Site "Willingen GER"]
[Date "2018.05.20"]
[Round "2"]
[White "Rothenberg, Nina"]
[Black "Ewerhardy, Moritz"]
[Result "0-1"]
[Termination "normal"]
[Board "40"]
[WhiteElo "1678"]
[BlackElo "1348"]
[PlyCount "68"]
[WhiteFideId "16208943"]
[BlackFideId "36052086"]
[EventCountry "GER"]
[EventRounds "9"]
[EventType "swiss"]
[EventDate "2018.05.19"]

1. e4 c5 2. Nc3 g6 3. g3 Bg7 4. Bg2 d6 5. d3 Nc6 6. Be3 e5 7. Qd2 Nge7 8. Bh6
O-O 9. Bxg7 Kxg7 10. f4 f5 11. Nf3 Nd4 12. O-O Nec6 13. Nd5 Be6 14. Ng5 h6 15.
Nxe6+ Nxe6 16. fxe5 dxe5 17. Rf2 fxe4 18. Rxf8 Qxf8 19. Rf1 Qd6 20. Bxe4 Rf8
21. Rxf8 Nxf8 22. Qd1 Ne7 23. Nc3 Qb6 24. Na4 Qd6 25. Kg2 b5 26. Nc3 a6 27. Qf3
Ne6 28. Qf2 b4 29. Nd1 Ng5 30. Qe2 Nf5 31. Bxf5 gxf5 32. Ne3 Qc6+ 33. Kg1 Nh3+
34. Kf1 Qh1# 0-1

[Event "ODJM B 2018"]
[Site "Willingen GER"]
[Date "2018.05.20"]
[Round "2"]
[White "Graf, Maria"]
[Black "Hoke, Joshua Sky"]
[Result "1-0"]
[Termination "normal"]
[Board "41"]
[WhiteElo "1537"]
[BlackElo "1620"]
[PlyCount "75"]
[WhiteFideId "12917702"]
[BlackFideId "16218272"]
[EventCountry "GER"]
[EventRounds "9"]
[EventType "swiss"]
[EventDate "2018.05.19"]

1. d4 d5 2. Nf3 Nf6 3. Bf4 e6 4. e3 c5 5. c3 Nc6 6. Nbd2 Be7 7. Ne5 O-O 8. Bd3
Bd6 9. Qf3 cxd4 10. exd4 Qc7 11. Qe2 Bd7 12. O-O a6 13. Rfe1 Rfe8 14. Qf3 b5
15. Re3 Na5 16. Bg5 Be7 17. Qh3 g6 18. Qh6 Bf8 19. Qh4 Nh5 20. Rh3 h6 21. g4
hxg5 22. Qxg5 Be7 23. Qe3 Qd8 24. gxh5 Bg5 25. f4 Bf6 26. hxg6 fxg6 27. Bxg6
Re7 28. Kh1 Rg7 29. Rg1 Be8 30. Ndf3 Nc4 31. Bh7+ Kf8 32. Nxc4 bxc4 33. Qxe6
Bd7 34. Qd6+ Be7 35. Qh6 Bxh3 36. Qxg7+ Ke8 37. Ne5 Be6 38. Bg6+ 1-0

[Event "ODJM B 2018"]
[Site "Willingen GER"]
[Date "2018.05.20"]
[Round "2"]
[White "Bardorz, Stefan"]
[Black "Maul, Maik"]
[Result "0-1"]
[Termination "normal"]
[Board "43"]
[WhiteElo "1714"]
[BlackElo "1443"]
[PlyCount "40"]
[WhiteFideId "16245474"]
[BlackFideId "16204816"]
[EventCountry "GER"]
[EventRounds "9"]
[EventType "swiss"]
[EventDate "2018.05.19"]

1. e4 d5 2. exd5 Qxd5 3. Nc3 Qa5 4. Bc4 Nf6 5. d3 Bg4 6. Nf3 Nc6 7. h3 Bh5 8.
g4 Bg6 9. Qe2 O-O-O 10. Bf4 e5 11. Bg5 Nd4 12. Qd1 Bb4 13. Bd2 Rhe8 14. a3
Nxf3+ 15. Qxf3 e4 16. Qf4 exd3+ 17. Kf1 dxc2 18. Kg2 Bxc3 19. Bxc3 Qc5 20. Rac1
Re4 0-1

[Event "ODJM B 2018"]
[Site "Willingen GER"]
[Date "2018.05.20"]
[Round "2"]
[White "Lange, Malina"]
[Black "Bilecen, Simon"]
[Result "0-1"]
[Termination "normal"]
[Board "44"]
[WhiteElo "1531"]
[BlackElo "1580"]
[PlyCount "132"]
[WhiteFideId "16228952"]
[BlackFideId "16225511"]
[EventCountry "GER"]
[EventRounds "9"]
[EventType "swiss"]
[EventDate "2018.05.19"]

1. e4 c5 2. Nf3 Nc6 3. d4 cxd4 4. Nxd4 Qb6 5. Nb3 Nf6 6. Nc3 e6 7. Bd3 Bb4 8.
Bd2 O-O 9. a3 Be7 10. O-O d5 11. Be3 Qd8 12. Re1 d4 13. e5 dxe3 14. exf6 exf2+
15. Kxf2 Bxf6 16. Qd2 Bg5 17. Qe2 Nd4 18. Qe4 Nf5 19. g4 Bh4+ 20. Kf1 Bxe1 21.
Rxe1 Qg5 22. gxf5 exf5 23. Qe5 Qg4 24. Be2 Qh3+ 25. Kg1 Bd7 26. Nd5 Rfe8 27.
Qd6 Bc6 28. Qc5 Rad8 29. c4 Qxb3 30. Ne7+ Kh8 31. Nxc6 bxc6 32. Qxc6 Qxb2 33.
Qf3 Qd4+ 34. Kf1 Qe4 35. Qg3 Qe5 36. Qf2 Qe4 37. Qg3 f4 38. Qh3 Rd2 39. Qh5 g6
40. Qg4 h5 41. Qf3 Qxf3+ 42. Bxf3 Rxe1+ 43. Kxe1 Rxh2 44. c5 Rc2 45. c6 Kg7 46.
Kd1 Rc5 47. Kd2 Kf6 48. Kd3 Ke5 49. Bg2 g5 50. a4 a5 51. Bf3 g4 52. Bg2 f3 53.
Bf1 Rxc6 54. Ke3 Rc2 55. Bd3 Rc3 56. Kd2 Rxd3+ 57. Kxd3 g3 58. Ke3 f2 59. Ke2
h4 60. Kf1 h3 61. Ke2 h2 62. Kd3 f1=Q+ 63. Kc3 h1=R 64. Kb3 Qd3+ 65. Kb2 Rb1+
66. Ka2 Qb3# 0-1

[Event "ODJM B 2018"]
[Site "Willingen GER"]
[Date "2018.05.20"]
[Round "2"]
[White "Limberg, Thomas"]
[Black "Johlke, Lorenz"]
[Result "1/2-1/2"]
[Termination "normal"]
[Board "45"]
[WhiteElo "1647"]
[BlackElo "1456"]
[PlyCount "94"]
[WhiteFideId "16226755"]
[BlackFideId "16252853"]
[EventCountry "GER"]
[EventRounds "9"]
[EventType "swiss"]
[EventDate "2018.05.19"]

1. d4 d5 2. c4 dxc4 3. Nf3 g6 4. e3 Bg7 5. Bxc4 Nc6 6. O-O e5 7. Qe2 Nge7 8.
Rd1 exd4 9. Nxd4 Nxd4 10. exd4 O-O 11. Bg5 Re8 12. Re1 Qxd4 13. Nc3 Bg4 14. Qe4
Qd7 15. Bxe7 Bf8 16. Qf4 Rxe7 17. Rxe7 Bxe7 18. Qxf7+ Kh8 19. Re1 Bg5 20. Qxd7
Bxd7 21. Rd1 Bf5 22. Nb5 a6 23. Nc3 Re8 24. h3 b5 25. Bd3 Bxd3 26. Rxd3 Rd8 27.
Rd5 Rxd5 28. Nxd5 c6 29. Nb4 Bf6 30. b3 c5 31. Nxa6 c4 32. bxc4 bxc4 33. Nb4
Bb2 34. Kf1 c3 35. Ke2 Kg7 36. Kd3 Kf6 37. Nd5+ Kf5 38. Nxc3 h5 39. a4 Ba3 40.
Kc4 Bd6 41. a5 Bb8 42. a6 Ba7 43. Ne2 g5 44. Kd5 g4 45. hxg4+ Kxg4 46. Ke6 Bxf2
47. Ke5 Ba7 1/2-1/2

[Event "ODJM B 2018"]
[Site "Willingen GER"]
[Date "2018.05.20"]
[Round "2"]
[White "Reuter, Julian-Frank"]
[Black "Waligora, Franciszek"]
[Result "1-0"]
[Termination "normal"]
[Board "46"]
[WhiteElo "1652"]
[BlackElo "1374"]
[PlyCount "85"]
[WhiteFideId "16256182"]
[BlackFideId "4005120"]
[EventCountry "GER"]
[EventRounds "9"]
[EventType "swiss"]
[EventDate "2018.05.19"]

1. e4 e5 2. Nf3 Nc6 3. Bc4 Bc5 4. c3 Nf6 5. d3 O-O 6. O-O d6 7. Nbd2 Qe7 8. Bb3
Be6 9. Bc2 Rad8 10. h3 d5 11. Qe2 dxe4 12. Nxe4 Nxe4 13. Qxe4 Bd5 14. Qe2 f6
15. a3 Bf7 16. Re1 Rfe8 17. Nh4 g6 18. b4 Bb6 19. Nf3 Qd7 20. Nd2 f5 21. Nc4
Bd5 22. Bg5 Rc8 23. Ne3 Bf7 24. Qf3 a6 25. Rad1 Kg7 26. Nc4 Ba7 27. Qg3 h6 28.
Bc1 f4 29. Qf3 Re7 30. Nd2 Rce8 31. Ne4 Bd5 32. d4 exd4 33. Qxf4 g5 34. Qf6+
Kg8 35. Qg6+ Kf8 36. Qxh6+ Kf7 37. Nxg5+ Kg8 38. Qg6+ Kh8 39. Qf6+ Kg8 40. Bh7+
Rxh7 41. Qg6+ Rg7 42. Rxe8+ Qxe8 43. Qxe8# 1-0

[Event "ODJM B 2018"]
[Site "Willingen GER"]
[Date "2018.05.20"]
[Round "2"]
[White "Brunner, Alexander"]
[Black "von Jan, Lena"]
[Result "0-1"]
[Termination "normal"]
[Board "47"]
[WhiteElo "1596"]
[BlackElo "1480"]
[PlyCount "85"]
[WhiteFideId "12965278"]
[BlackFideId "12946060"]
[EventCountry "GER"]
[EventRounds "9"]
[EventType "swiss"]
[EventDate "2018.05.19"]

1. e4 e5 2. Nf3 Nc6 3. Bc4 Bc5 4. b4 Bxb4 5. c3 Ba5 6. d4 exd4 7. O-O d6 8.
cxd4 h6 9. Qb3 Qe7 10. Ba3 Qd7 11. d5 Nce7 12. e5 a6 13. e6 fxe6 14. dxe6 Qc6
15. Nd4 Qb6 16. Qa4+ Kd8 17. Rd1 Nf6 18. Nd2 Bc3 19. Rab1 Qxd4 20. Nf3 Qf4 21.
Rbc1 Be5 22. Bb4 Nc6 23. Nxe5 Qxe5 24. Re1 Qf5 25. Rcd1 Ke7 26. Re3 b5 27. Qb3
bxc4 28. Qxc4 Qb5 29. Bxd6+ cxd6 30. Qf4 Qc5 31. Qg3 Rg8 32. Qg6 Bxe6 33. Rde1
Ne5 34. Qg3 Kf7 35. Kh1 Rae8 36. Rc3 Qa5 37. Rec1 Re7 38. f4 Ned7 39. Qf3 Nc5
40. a3 Bd5 41. Qf2 Nfe4 42. Qc2 Nxc3 43. h3 0-1

[Event "ODJM B 2018"]
[Site "Willingen GER"]
[Date "2018.05.20"]
[Round "2"]
[White "Leßmann, Sönke"]
[Black "Toth, Marc"]
[Result "1-0"]
[Termination "normal"]
[Board "48"]
[WhiteElo "1656"]
[BlackElo "1434"]
[PlyCount "71"]
[WhiteFideId "16222520"]
[BlackFideId "16260210"]
[EventCountry "GER"]
[EventRounds "9"]
[EventType "swiss"]
[EventDate "2018.05.19"]

1. e4 c6 2. d3 d5 3. Nd2 e5 4. g3 Nf6 5. Bg2 Bd6 6. Ngf3 O-O 7. O-O Re8 8. c3
Nbd7 9. Qc2 Qc7 10. Nh4 g6 11. Nb3 Kg7 12. Be3 Nb6 13. f4 exf4 14. gxf4 Be7 15.
Bd4 Kg8 16. Bxf6 Bxf6 17. Qf2 dxe4 18. dxe4 Qd8 19. Nf3 Be6 20. Nc5 Bc4 21.
Rfd1 Qc7 22. e5 Be7 23. Ne4 Red8 24. b3 Bd5 25. Nfd2 Bxe4 26. Nxe4 Nd5 27. Rd2
b6 28. Kh1 Rd7 29. Rad1 Rad8 30. Bh3 b5 31. Bxd7 Rxd7 32. c4 Nb6 33. Rxd7 Nxd7
34. Qd4 Nb6 35. Nf6+ Kg7 36. Ne8+ 1-0

[Event "ODJM B 2018"]
[Site "Willingen GER"]
[Date "2018.05.20"]
[Round "2"]
[White "Götz, Timon"]
[Black "Zell, Hannah"]
[Result "0-1"]
[Termination "normal"]
[Board "49"]
[WhiteElo "1413"]
[BlackElo "1547"]
[PlyCount "74"]
[WhiteFideId "16245040"]
[BlackFideId "16208900"]
[EventCountry "GER"]
[EventRounds "9"]
[EventType "swiss"]
[EventDate "2018.05.19"]

1. c4 c6 2. e3 d5 3. cxd5 cxd5 4. Nf3 a6 5. Qc2 Nc6 6. a3 Nf6 7. d3 e5 8. Be2
Be7 9. Nbd2 O-O 10. O-O h6 11. e4 d4 12. Nc4 Bd6 13. Nh4 Bc7 14. Qd1 Nxe4 15.
dxe4 Qxh4 16. Bd3 Qf6 17. Bd2 b5 18. Nxe5 Nxe5 19. Be2 d3 20. Bh5 g6 21. Bxh6
gxh5 22. Bxf8 Kxf8 23. f4 Bb6+ 24. Kh1 Ng4 25. Qf3 Bb7 26. h3 Nf2+ 27. Rxf2
Bxf2 28. Qxf2 Bxe4 29. Rc1 Rd8 30. Qd2 Bg6 31. Rc5 Qd6 32. Rc1 {(=)} 32... Qe6
33. Re1 Qxe1+ 34. Qxe1 d2 35. Qd1 Bc2 36. Qxh5 d1=Q+ 37. Kh2 Qxh5 0-1

[Event "ODJM B 2018"]
[Site "Willingen GER"]
[Date "2018.05.20"]
[Round "2"]
[White "Poggemann, Alexander"]
[Black "Hierl, Johannes"]
[Result "1-0"]
[Termination "normal"]
[Board "50"]
[WhiteElo "1519"]
[BlackElo "1355"]
[PlyCount "55"]
[WhiteFideId "16224167"]
[BlackFideId "16235096"]
[EventCountry "GER"]
[EventRounds "9"]
[EventType "swiss"]
[EventDate "2018.05.19"]

1. e4 g6 2. d4 Bg7 3. Nc3 d6 4. Be3 Nd7 5. f4 e6 6. Bd3 Ne7 7. Nf3 a6 8. O-O c5
9. dxc5 Nxc5 10. Bxc5 dxc5 11. e5 Nf5 12. Bxf5 Qxd1 13. Raxd1 gxf5 14. Rd2 Bd7
15. Rfd1 Bc6 16. Kf2 Ke7 17. Ke3 h6 18. g3 Rad8 19. Rxd8 Rxd8 20. Rxd8 Kxd8 21.
Nd2 f6 22. exf6 Bxf6 23. Kd3 Bd4 24. Nb3 Bg1 25. Ne2 Bb5+ 26. c4 Bxc4+ 27. Kxc4
Bxh2 28. Nd2 1-0

[Event "ODJM B 2018"]
[Site "Willingen GER"]
[Date "2018.05.20"]
[Round "2"]
[White "Frank, Carolin"]
[Black "Abou Wally, Adrian"]
[Result "1-0"]
[Termination "normal"]
[Board "51"]
[WhiteElo "1556"]
[BlackElo "1183"]
[PlyCount "81"]
[WhiteFideId "16207190"]
[BlackFideId "16245113"]
[EventCountry "GER"]
[EventRounds "9"]
[EventType "swiss"]
[EventDate "2018.05.19"]

1. Nf3 c5 2. c4 Nc6 3. g3 g6 4. Bg2 Bg7 5. O-O e5 6. d3 Nge7 7. Nc3 O-O 8. Ne1
d6 9. Nc2 Be6 10. Ne3 f5 11. Ncd5 Bf7 12. Bd2 a5 13. a3 Nxd5 14. Nxd5 Ne7 15.
Bg5 Bxd5 16. Bxd5+ Kh8 17. Qd2 Qc7 18. Bf3 Ng8 19. Qc2 f4 20. gxf4 exf4 21. Qd2
d5 22. e3 dxc4 23. dxc4 Be5 24. exf4 Bxf4 25. Bxf4 Rxf4 26. Qc3+ Qg7 27. Qxg7+
Kxg7 28. Bd5 Nf6 29. Rfe1 Nxd5 30. cxd5 Rd8 31. Rad1 Rf5 32. d6 Rf6 33. Re7+
Rf7 34. Rd5 b6 35. Rc7 Rxc7 36. dxc7 Rc8 37. Rd7+ Kh6 38. Kg2 g5 39. Kf3 Kg6
40. Ke4 Re8+ 41. Kd5 1-0

[Event "ODJM B 2018"]
[Site "Willingen GER"]
[Date "2018.05.20"]
[Round "2"]
[White "Guo, Philipp Ziming"]
[Black "von der Weyden, Louis"]
[Result "0-1"]
[Termination "normal"]
[Board "52"]
[WhiteElo "1453"]
[BlackElo "1504"]
[PlyCount "86"]
[WhiteFideId "16245199"]
[BlackFideId "16207050"]
[EventCountry "GER"]
[EventRounds "9"]
[EventType "swiss"]
[EventDate "2018.05.19"]

1. e4 e5 2. Nf3 Nf6 3. Nc3 Nc6 4. d4 exd4 5. Nxd4 Bc5 6. Nb3 Bb6 7. Be2 h6 8.
O-O O-O 9. Bf3 d6 10. Re1 Be6 11. Nd5 Ne5 12. Nxb6 Nxf3+ 13. Qxf3 axb6 14. Nd4
c5 15. Nxe6 fxe6 16. e5 Nd5 17. Qg4 dxe5 18. Bxh6 Qf6 19. Be3 Nxe3 20. fxe3
Qf2+ 21. Kh1 Rf6 22. Qe2 Qxe2 23. Rxe2 Rxa2 24. Rc1 Rxb2 25. Kg1 b5 26. Rd2 b4
27. Rd8+ Rf8 28. Rd7 Ra8 29. Rxb7 Raa2 30. Rb8+ Kh7 31. Rb5 Rxc2 32. Rxc5 Rxg2+
33. Kf1 Rxh2 34. Kg1 b3 35. Rb1 Rhd2 36. Rxe5 Rac2 37. Re4 b2 38. Rh4+ Kg8 39.
Rf4 e5 40. Rf3 e4 41. Rf4 Rc1+ 42. Rf1 Rxb1 43. Rxb1 Rc2 0-1

[Event "ODJM B 2018"]
[Site "Willingen GER"]
[Date "2018.05.20"]
[Round "2"]
[White "Schmidt, Pauline"]
[Black "Schulze, Lukas"]
[Result "1-0"]
[Termination "normal"]
[Board "53"]
[WhiteElo "1311"]
[BlackElo "1502"]
[PlyCount "55"]
[WhiteFideId "16209850"]
[BlackFideId "12956856"]
[EventCountry "GER"]
[EventRounds "9"]
[EventType "swiss"]
[EventDate "2018.05.19"]

1. e4 c5 2. Nc3 d6 3. Nge2 Nc6 4. g3 g6 5. Bg2 Bg7 6. d3 e6 7. h4 h5 8. Bg5 Nf6
9. d4 Qb6 10. dxc5 dxc5 11. Qc1 Bd7 12. O-O Rd8 13. Rb1 Ne5 14. Qf4 Nc4 15.
Bxf6 Bh6 16. Bg5 Bxg5 17. Qxg5 Bc6 18. Rfd1 O-O 19. Nf4 Rxd1+ 20. Rxd1 Qxb2 21.
Nfe2 Qxc2 22. Qxc5 Nb6 23. Rc1 Qd2 24. Qa3 a6 25. Rd1 Nc4 26. Qb3 Na5 27. Qb4
Qc2 28. Nd4 1-0

[Event "ODJM B 2018"]
[Site "Willingen GER"]
[Date "2018.05.20"]
[Round "2"]
[White "Peglau, Sarah"]
[Black "Bock, Marlon"]
[Result "0-1"]
[Termination "normal"]
[Board "54"]
[WhiteElo "1315"]
[BlackElo "1346"]
[PlyCount "56"]
[WhiteFideId "16219961"]
[BlackFideId "16244931"]
[EventCountry "GER"]
[EventRounds "9"]
[EventType "swiss"]
[EventDate "2018.05.19"]

1. e4 d5 2. exd5 Qxd5 3. Nf3 Bf5 4. d4 Nc6 5. c4 Qd7 6. Bd3 Bxd3 7. Qxd3 O-O-O
8. d5 e6 9. Nc3 Nf6 10. Bg5 Nb4 11. Qd2 exd5 12. a3 Qe6+ 13. Ne2 dxc4 14. Qc3
Ne4 15. Qe5 Nd3+ 16. Kf1 Nxe5 17. Bxd8 Kxd8 18. Rd1+ Kc8 19. Nfd4 Qb6 20. f3
Nf6 21. Rd2 Bc5 22. Nf5 g6 23. Nfd4 Rd8 24. Kf2 Nd3+ 25. Kg3 Bxd4 26. Rhd1 Nh5+
27. Kh4 Qf6+ 28. Kh3 Nf2# 0-1

[Event "ODJM B 2018"]
[Site "Willingen GER"]
[Date "2018.05.20"]
[Round "2"]
[White "Lorenz, Keana"]
[Black "Seliokaite, Ana"]
[Result "0-1"]
[Termination "normal"]
[Board "55"]
[WhiteElo "1439"]
[BlackElo "1305"]
[PlyCount "56"]
[WhiteFideId "12990248"]
[BlackFideId "16224817"]
[EventCountry "GER"]
[EventRounds "9"]
[EventType "swiss"]
[EventDate "2018.05.19"]

1. e4 c5 2. Nf3 g6 3. c4 Bg7 4. d4 cxd4 5. Nxd4 Nc6 6. Be3 Nf6 7. Nc3 Ng4 8.
Qxg4 Nxd4 9. Qd1 e5 10. Nb5 Nxb5 11. cxb5 O-O 12. Bc4 b6 13. O-O Bb7 14. Bd3 d5
15. exd5 Qxd5 16. f3 f5 17. Qe2 Kh8 18. Rfd1 Qf7 19. Bc4 Qe7 20. Bd2 Rac8 21.
a3 Qc5+ 22. Kh1 Qxc4 23. Qxc4 Rxc4 24. Bb4 Rfc8 25. h3 e4 26. fxe4 Bxe4 27. Bd2
Bxb2 28. Ra2 Be5 0-1

[Event "ODJM B 2018"]
[Site "Willingen GER"]
[Date "2018.05.20"]
[Round "2"]
[White "Ramien, Hannah"]
[Black "Johlke, Lukas"]
[Result "1/2-1/2"]
[Termination "normal"]
[Board "56"]
[WhiteElo "1274"]
[BlackElo "1529"]
[PlyCount "71"]
[WhiteFideId "16209982"]
[BlackFideId "16252861"]
[EventCountry "GER"]
[EventRounds "9"]
[EventType "swiss"]
[EventDate "2018.05.19"]

1. e4 e5 2. Nf3 Nc6 3. Bc4 d6 4. c3 Bg4 5. d3 Nf6 6. h3 Bh5 7. Nbd2 Be7 8. Nf1
O-O 9. Ng3 Bxf3 10. Qxf3 Nd7 11. Nf5 Bf6 12. Qg4 Kh8 13. h4 Qe8 14. Bg5 Rg8 15.
Bxf6 gxf6 16. Qf3 Ne7 17. Nh6 Rg7 18. g4 Ng6 19. g5 Nf4 20. gxf6 Nxf6 21. O-O-O
Ng8 22. Nf5 Rg6 23. h5 Rf6 24. Rdg1 Nh6 25. Nh4 Qe7 26. Kd2 c6 27. Nf5 Nxf5 28.
exf5 Qf8 29. Qg4 Qh6 30. Kc2 d5 31. Bb3 Rd6 32. f3 a5 33. a4 f6 34. d4 Rad8 35.
dxe5 fxe5 36. Qg5 1/2-1/2

[Event "ODJM B 2018"]
[Site "Willingen GER"]
[Date "2018.05.20"]
[Round "2"]
[White "Becker, Lukas"]
[Black "Huppert, Anna"]
[Result "0-1"]
[Termination "normal"]
[Board "57"]
[WhiteElo "1540"]
[BlackElo "1371"]
[PlyCount "66"]
[BlackFideId "16214439"]
[EventCountry "GER"]
[EventRounds "9"]
[EventType "swiss"]
[EventDate "2018.05.19"]

1. e4 e6 2. d4 d5 3. exd5 exd5 4. c4 Bb4+ 5. Nc3 Nf6 6. a3 Bxc3+ 7. bxc3 O-O 8.
Nf3 Bg4 9. h3 Bf5 10. Qb3 b6 11. Bg5 Re8+ 12. Be3 Nc6 13. Be2 Na5 14. Qa2 Nxc4
15. Bxc4 dxc4 16. Qxc4 Nd5 17. O-O Nxe3 18. fxe3 Rxe3 19. Ne5 Be6 20. Qb4 c5
21. Qb2 Qg5 22. Nf3 Qg6 23. Kf2 Re4 24. dxc5 bxc5 25. Qb7 Re8 26. Rfe1 Rxe1 27.
Rxe1 Qc2+ 28. Re2 Qa4 29. Qb2 Bd5 30. Re5 Rxe5 31. Nxe5 Qf4+ 32. Nf3 Bxf3 33.
gxf3 Qh2+ 0-1

[Event "ODJM B 2018"]
[Site "Willingen GER"]
[Date "2018.05.20"]
[Round "2"]
[White "Rautenberg, Jakob"]
[Black "König, Dominik"]
[Result "1-0"]
[Termination "normal"]
[Board "58"]
[WhiteElo "1519"]
[BlackElo "1296"]
[PlyCount "89"]
[WhiteFideId "16214749"]
[BlackFideId "16245148"]
[EventCountry "GER"]
[EventRounds "9"]
[EventType "swiss"]
[EventDate "2018.05.19"]

1. e4 e6 2. d4 d5 3. Nd2 Nf6 4. e5 Nfd7 5. Ngf3 c5 6. c3 Nc6 7. Nb3 cxd4 8.
cxd4 f6 9. Bf4 fxe5 10. dxe5 Bb4+ 11. Nbd2 O-O 12. Bg3 Qc7 13. a3 Ba5 14. Rc1
Qb8 15. Bb5 Ndxe5 16. Nxe5 Nxe5 17. Qe2 Bc7 18. O-O Nc6 19. Bxc7 Qxc7 20. Nf3
a6 21. Bxc6 bxc6 22. Qc2 Bd7 23. Rfe1 h6 24. Nd4 Rf6 25. Nxc6 Bxc6 26. Qxc6
Qxc6 27. Rxc6 Kf7 28. Rc7+ Kg6 29. Re7 Rb8 30. b4 Rb6 31. g3 Rd6 32. f4 d4 33.
Kf2 Kh7 34. Ke2 Kg8 35. Kd3 Kf8 36. Rc7 Rd5 37. Rc5 Rd6 38. Re4 Rf5 39. Rxf5+
exf5 40. Rxd4 Ke7 41. Rxd6 Kxd6 42. Kd4 Kc6 43. a4 h5 44. h4 g6 45. Ke5 1-0